[Event "WLS-chA 68th"]
[Site "Cardiff"]
[Date "2024.04.01"]
[Round "7"]
[White "Kozusek, Daniel"]
[Black "Strugnell, Carl"]
[Result "1-0"]
[WhiteElo "2365"]
[BlackElo "2188"]
[PlyCount "133"]
[EventDate "2024.03.29"]
[EventType "swiss"]
[EventRounds "7"]
[EventCountry "WLS"]
[SourceTitle "CB14_2024"]
[SourceDate "2024.04.01"]
[SourceVersion "1"]
[SourceVersionDate "2024.04.01"]
[SourceQuality "1"]

1. d4 Nf6 2. Nc3 d5 3. Bf4 c5 4. e4 Nxe4 5. Nxe4 dxe4 6. dxc5 Qxd1+ 7. Rxd1 Nc6 8. Be3 g6 9. Bc4 Bg7 10. c3 0-0 11. Bd5 Bf5 12. Ne2 Rad8 13. Ng3 Be5 14. Nxf5 gxf5 15. Bg5 Rfe8 16. Ke2 Kg7 17. g3 Kg6 18. Bxc6 bxc6 19. Rxd8 Rxd8 20. Bxe7 Rb8 21. b3 Bxc3 22. Rd1 Rc8 23. Rd7 a5 24. Ra7 h5 25. Bd6 Bb4 26. Bf4 Kf6 27. Be3 Ke6 28. Kd1 Rd8+ 29. Kc2 Rd7 30. Ra8 Kd5 31. h4 Ke6 32. Ra6 Kd5 33. Kb2 f6 34. a3 Be1 35. Ra8 f4 36. gxf4 Ke6 37. Rc8 Bxf2 38. Bxf2 Rd2+ 39. Kc3 Rxf2 40. Rxc6+ Kf5 41. Rd6 Rf3+ 42. Kc2 Rf2+ 43. Kc3 Rf3+ 44. Kc4 e3 45. Kd3 e2+ 46. Kxe2 Rxb3 47. Rd3 Rb2+ 48. Rd2 Rb5 49. Rc2 Kxf4 50. c6 Rb8 51. c7 Rc8 52. a4 Kg3 53. Ke3 f5 54. Rc3 f4+ 55. Ke4+ Kg4 56. Rc1 f3 57. Ke3 Kg3 58. Rg1+ Kxh4 59. Rg7 Kh3 60. Kxf3 h4 61. Ke4 Kh2 62. Kd5 h3 63. Kc6 Kh1 64. Kb7 h2 65. Rh7 Rg8 66. c8Q Rg7+ 67. Qc7 1-0

[Event "WLS-chA 68th"]
[Site "Cardiff"]
[Date "2024.04.01"]
[Round "6"]
[White "Toczek, Grzegorz"]
[Black "Kozusek, Daniel"]
[Result "0-1"]
[WhiteElo "2299"]
[BlackElo "2365"]
[PlyCount "108"]
[EventDate "2024.03.29"]
[EventType "swiss"]
[EventRounds "7"]
[EventCountry "WLS"]
[SourceTitle "CB14_2024"]
[SourceDate "2024.04.01"]
[SourceVersion "1"]
[SourceVersionDate "2024.04.01"]
[SourceQuality "1"]

1. e4 e6 2. d4 d5 3. exd5 exd5 4. Nf3 Bg4 5. Qe2+ Qe7 6. Be3 Nc6 7. c3 0-0-0 8. Nbd2 h6 9. h3 Bf5 10. g4 Bh7 11. h4 Re8 12. g5 Kb8 13. Rg1 Qe6 14. 0-0-0 Nge7 15. Qb5 Nc8 16. Ne1 Nd6 17. Qe2 Nf5 18. Nc2 Nxh4 19. gxh6 gxh6 20. Qh5 Be7 21. Re1 Bg6 22. Qd1 Qd6 23. Be2 Nf5 24. Nf3 Nxe3 25. Nxe3 Bg5 26. Nxg5 hxg5 27. Bd3 Bxd3 28. Qxd3 Qf4 29. Rg2 f6 30. Kc2 Qf3 31. Reg1 Nd8 32. Qd1 Qe4+ 33. Qd3 Qxd3+ 34. Kxd3 c6 35. Rg3 Ne6 36. Rf3 Nf4+ 37. Kd2 Kc7 38. Re1 Kd7 39. b3 Rh4 40. Rg3 Rh2 41. Rf3 Re4 42. Rg1 Ke6 43. Kd1 Nh3 44. Rg2 Rxg2 45. Nxg2 g4 46. Rg3 Nxf2+ 47. Kd2 f5 48. Ne1 Rxd4+ 49. Ke3 f4+ 50. Kxd4 fxg3 51. c4 Nh3 52. Ng2 Kf5 53. cxd5 cxd5 54. Ke3 Nf4 0-1

[Event "Titled Tuesday intern op 12th Dec Early"]
[Site "Chess.com INT"]
[Date "2023.12.12"]
[Round "2"]
[White "Putnam, Liam H"]
[Black "Kozusek, Daniel"]
[Result "0-1"]
[WhiteElo "2348"]
[BlackElo "2365"]
[PlyCount "134"]
[EventDate "2023.12.12"]
[EventType "swiss (blitz)"]
[EventRounds "11"]
[EventCountry "USA"]
[SourceTitle "CB51_2023"]
[SourceDate "2023.12.20"]
[SourceVersion "1"]
[SourceVersionDate "2023.12.20"]
[SourceQuality "1"]

1. Nf3 d5 2. e3 Nf6 3. c4 e6 4. Nc3 Nbd7 5. b3 b6 6. Bb2 Bb7 7. Qc2 Bd6 8. cxd5 exd5 9. Nd4 Nc5 10. Nf5 Bf8 11. d4 Ne6 12. Bd3 g6 13. Ng3 Bg7 14. h4 h5 15. Bxg6 fxg6 16. Qxg6+ Kd7 17. Nf5 Qg8 18. Rh3 Rf8 19. Rg3 Ng4 20. Nxg7 Qxg7 21. Qc2 Qf6 22. Rf3 Qxh4 23. 0-0-0 Kc8 24. Kb1 Kb8 25. Nb5 Rc8 26. g3 Qe7 27. Ba3 Qd7 28. Nc3 Ng5 29. Rf4 Ne4 30. Nxe4 dxe4 31. d5 Rce8 32. d6 c5 33. Qc4 Ne5 34. Qc3 Nd3 35. Rf6 Rhf8 36. f4 exf3 37. Rxf8 Rxf8 38. Qxd3 f2 39. e4 Qg4 40. d7 Bxe4 41. Kb2 Bxd3 42. Rxd3 f1Q 43. d8Q+ Rxd8 44. Rxd8+ Kc7 45. Rd2 Qg7+ 46. Kc2 Qg6+ 47. Kc3 Qgf6+ 48. Kc2 Q6f5+ 49. Kc3 Qe5+ 50. Kc2 Qe4+ 51. Kc3 Qff3+ 52. Kb2 Qfd3 53. Rxd3 Qxd3 54. Kc1 Qc3+ 55. Kb1 Qxg3 56. Bc1 h4 57. Kc2 h3 58. Bd2 h2 59. b4 h1Q 60. bxc5 Qe4+ 61. Kb2 Qg7+ 62. Kc1 Qc4+ 63. Kd1 Qg1+ 64. Be1 Qgd4+ 65. Bd2 Qcd3 66. Kc1 Qxd2+ 67. Kb1 Q4b2# 0-1

[Event "UK Blitz op Final"]
[Site "Leamington Spa"]
[Date "2023.12.02"]
[Round "11"]
[White "Dong, Bao Nghia"]
[Black "Kozusek, Daniel"]
[Result "1/2-1/2"]
[WhiteElo "2317"]
[BlackElo "2365"]
[PlyCount "48"]
[EventDate "2023.12.02"]
[EventType "tourn (blitz)"]
[EventRounds "15"]
[EventCountry "ENG"]
[EventCategory "3"]
[SourceTitle "CB49_2023"]
[SourceDate "2023.12.06"]
[SourceVersion "1"]
[SourceVersionDate "2023.12.06"]
[SourceQuality "1"]

1. d4 d5 2. c4 e6 3. Nc3 Bb4 4. Nf3 dxc4 5. e3 b5 6. Be2 Bb7 7. 0-0 Bxc3 8. bxc3 a6 9. a4 Nd7 10. Ba3 Ne7 11. Qb1 Bc6 12. e4 Nf6 13. Nd2 0-0 14. f4 Re8 15. Bf3 Nc8 16. a5 Ne7 17. g4 Ng6 18. Bd1 e5 19. fxe5 Nxe5 20. dxe5 Qxd2 21. exf6 Qe3+ 22. Rf2 Qe1+ 23. Rf1 Qe3+ 24. Rf2 Qe1+ 1/2-1/2

[Event "UK Blitz op Final"]
[Site "Leamington Spa"]
[Date "2023.12.02"]
[Round "1"]
[White "Ghasi, Ameet K"]
[Black "Kozusek, Daniel"]
[Result "1-0"]
[WhiteElo "2509"]
[BlackElo "2365"]
[PlyCount "45"]
[EventDate "2023.12.02"]
[EventType "tourn (blitz)"]
[EventRounds "15"]
[EventCountry "ENG"]
[EventCategory "3"]
[SourceTitle "CB49_2023"]
[SourceDate "2023.12.06"]
[SourceVersion "1"]
[SourceVersionDate "2023.12.06"]
[SourceQuality "1"]

1. Nf3 d5 2. g3 Nc6 3. d4 Bf5 4. Bg2 e6 5. 0-0 Nb4 6. Ne1 Be7 7. c3 Nc6 8. Nd3 Nf6 9. Bg5 0-0 10. Nd2 Bxd3 11. exd3 Nb8 12. Qb3 Qc8 13. Nf3 Nbd7 14. Rfe1 c5 15. Bf4 Qc6 16. Ne5 Qb6 17. dxc5 Qxb3 18. axb3 Nxc5 19. b4 Ncd7 20. Nxd7 Nxd7 21. Bxd5 exd5 22. Rxe7 Nb6 23. Rxb7 1-0

[Event "UK Blitz op Final"]
[Site "Leamington Spa"]
[Date "2023.12.02"]
[Round "4"]
[White "Kozusek, Daniel"]
[Black "Boswell, Jacob Connor"]
[Result "1-0"]
[WhiteElo "2365"]
[BlackElo "2235"]
[PlyCount "41"]
[EventDate "2023.12.02"]
[EventType "tourn (blitz)"]
[EventRounds "15"]
[EventCountry "ENG"]
[EventCategory "3"]
[SourceTitle "CB49_2023"]
[SourceDate "2023.12.06"]
[SourceVersion "1"]
[SourceVersionDate "2023.12.06"]
[SourceQuality "1"]

1. d4 d5 2. Bf4 Nf6 3. e3 c5 4. dxc5 Nbd7 5. b4 e5 6. Bg3 a5 7. c3 axb4 8. cxb4 b6 9. Bb5 bxc5 10. Bxe5 Qb6 11. Nc3 cxb4 12. Nxd5 Nxd5 13. Qxd5 Qa7 14. Nf3 Be7 15. Bxg7 Rg8 16. Bd4 Qc7 17. Ne5 Rb8 18. Qxf7+ Kd8 19. Qxg8+ Bf8 20. Bxd7 Bxd7 21. Qxf8+ 1-0

[Event "UK Blitz op Final"]
[Site "Leamington Spa"]
[Date "2023.12.02"]
[Round "14"]
[White "Kozusek, Daniel"]
[Black "Horton, Andrew P"]
[Result "1/2-1/2"]
[WhiteElo "2365"]
[BlackElo "2367"]
[PlyCount "75"]
[EventDate "2023.12.02"]
[EventType "tourn (blitz)"]
[EventRounds "15"]
[EventCountry "ENG"]
[EventCategory "3"]
[SourceTitle "CB49_2023"]
[SourceDate "2023.12.06"]
[SourceVersion "1"]
[SourceVersionDate "2023.12.06"]
[SourceQuality "1"]

1. d4 Nf6 2. c4 d6 3. Nf3 Nbd7 4. Nc3 e5 5. Bg5 Be7 6. e3 0-0 7. Qc2 c6 8. 0-0-0 exd4 9. Nxd4 Ne5 10. h3 Re8 11. Nf5 Bxf5 12. Qxf5 Qb6 13. Bd3 Qc5 14. Bxf6 Nxd3+ 15. Qxd3 Bxf6 16. Ne4 Qe5 17. Nxf6+ Qxf6 18. Rd2 Rad8 19. Qd4 Qg6 20. f3 a6 21. Rhd1 h6 22. e4 Re7 23. Qe3 Qe6 24. Qc3 Red7 25. Kb1 d5 26. Qd4 Qg6 27. cxd5 Rxd5 28. Qf2 Rxd2 29. Rxd2 Rd6 30. Kc2 Qe6 31. Rxd6 Qxd6 32. Qd2 Qc5+ 33. Kd1 Qc4 34. b3 Qf1+ 35. Kc2 f6 36. Kb2 a5 37. Qd8+ Kh7 38. Qd2 1/2-1/2

[Event "BCF-chT2 2324 (4NCL)"]
[Site "England"]
[Date "2023.11.11"]
[Round "1.51"]
[White "Pitcher, John"]
[Black "Kozusek, Daniel"]
[Result "0-1"]
[WhiteElo "2196"]
[BlackElo "2353"]
[PlyCount "78"]
[EventDate "2023.11.11"]
[EventType "team-tourn"]
[EventRounds "11"]
[EventCountry "ENG"]
[SourceTitle "CB46_2023"]
[SourceDate "2023.11.15"]
[SourceVersion "1"]
[SourceVersionDate "2023.11.15"]
[SourceQuality "1"]
[WhiteTeam "Warwicks Select"]
[BlackTeam "The Audible Checks"]
[WhiteTeamCountry "ENG"]
[BlackTeamCountry "ENG"]

1. e4 c6 2. d4 d5 3. exd5 cxd5 4. Bd3 Nf6 5. c3 Bg4 6. Qb3 Qc7 7. h3 Bh5 8. Ne2 Bxe2 9. Bxe2 e6 10. 0-0 Bd6 11. Nd2 0-0 12. Bd3 Nc6 13. Nf3 Rab8 14. Re1 b5 15. a3 Bf4 16. Bxf4 Qxf4 17. Re2 Qc7 18. Rae1 Na5 19. Qc2 Nc4 20. Ne5 Nd6 21. Re3 a5 22. g4 b4 23. h4 bxc3 24. bxc3 g6 25. h5 gxh5 26. gxh5 Kh8 27. Rf3 Nfe4 28. c4 Rg8+ 29. Kh1 Qe7 30. Rh3 Qg5 31. Rh2 f6 32. c5 fxe5 33. cxd6 Qf5 34. Bxe4 dxe4 35. Qe2 exd4 36. Rh4 Rb3 37. Kh2 Rf3 38. Qxe4 Rxf2+ 39. Kh1 Rf1+ 0-1

[Event "Budapest SixDays 09 IM-B"]
[Site "Budapest"]
[Date "2023.09.22"]
[Round "7"]
[White "Besou, Hussain"]
[Black "Kozusek, Daniel"]
[Result "1/2-1/2"]
[WhiteElo "2353"]
[BlackElo "2365"]
[PlyCount "67"]
[EventDate "2023.09.18"]
[EventType "tourn"]
[EventRounds "9"]
[EventCountry "HUN"]
[SourceTitle "EXT 2024"]
[Source "ChessBase"]
[SourceDate "2023.10.10"]
[SourceVersion "1"]
[SourceVersionDate "2023.10.10"]
[SourceQuality "1"]

1. e4 c6 2. d4 d5 3. e5 c5 4. dxc5 e6 5. a3 Bxc5 6. b4 Be7 7. Nf3 a5 8. b5 Nd7 9. Bb2 f6 10. c4 Nxe5 11. Nxe5 fxe5 12. Bxe5 Bf6 13. Nd2 Nh6 14. Bxf6 Qxf6 15. Be2 0-0 16. 0-0 b6 17. cxd5 exd5 18. Nf3 Bb7 19. Qd4 Nf5 20. Qxf6 Rxf6 21. Rfd1 Rc8 22. Bd3 Nd6 23. Nd4 Rf4 24. Bf1 Ne4 25. f3 Nc5 26. Ra2 Kf7 27. Re2 Rc7 28. g3 Rf6 29. Bh3 Re7 30. Rde1 Rxe2 31. Rxe2 g6 32. Re3 Rd6 33. Kf2 Rd8 34. Ke2 1/2-1/2

[Event "Titled Tuesday intern op 05th Sep Late"]
[Site "Chess.com INT"]
[Date "2023.09.05"]
[Round "8"]
[White "Kostiukov, Alexandr"]
[Black "Kozusek, Daniel"]
[Result "0-1"]
[WhiteElo "2271"]
[BlackElo "2365"]
[PlyCount "110"]
[EventDate "2023.09.05"]
[EventType "swiss (blitz)"]
[EventRounds "11"]
[EventCountry "USA"]
[SourceTitle "EXT 2024"]
[Source "ChessBase"]
[SourceDate "2023.10.10"]
[SourceVersion "1"]
[SourceVersionDate "2023.10.10"]
[SourceQuality "1"]

1. g3 d5 2. Bg2 e5 3. c4 dxc4 4. Qa4+ Bd7 5. Qxc4 Bc6 6. Nf3 Nf6 7. Nxe5 Bd5 8. Bxd5 Qxd5 9. Qxd5 Nxd5 10. Nc3 Nb4 11. 0-0 Bd6 12. Nc4 Be7 13. b3 c6 14. Bb2 0-0 15. a3 N4a6 16. b4 Nc7 17. d3 Nd7 18. Na5 Rab8 19. Ne4 Nd5 20. Rac1 Rfe8 21. e3 Bf8 22. Rfd1 Ne5 23. Nc3 Nb6 24. Kg2 Rbd8 25. Nxb7 Rxd3 26. Ne2 Rxd1 27. Rxd1 Nec4 28. Bc1 Rb8 29. Nd8 Rc8 30. Nb7 Rb8 31. Nd8 Rc8 32. Nb7 f6 33. Nf4 Kf7 34. Nd3 Na4 35. Ndc5 Nxc5 36. Nxc5 Bxc5 37. bxc5 Rc7 38. Rd4 Ne5 39. e4 Nd7 40. Bf4 Rb7 41. Rd6 Nxc5 42. Rxc6 Nxe4 43. a4 g5 44. Be3 Rd7 45. Ra6 Nc3 46. a5 Nb5 47. Rc6 Ke7 48. h4 h6 49. h5 Kf7 50. Kf3 f5 51. g4 fxg4+ 52. Kxg4 Nd6 53. Bc5 Ne4 54. Be3 Nf6+ 55. Kf5 Rd5# 0-1

[Event "Titled Tuesday intern op 29th Aug Late"]
[Site "Chess.com INT"]
[Date "2023.08.29"]
[Round "6"]
[White "Kozusek, Daniel"]
[Black "Carrasco Miranda, Andres"]
[Result "1-0"]
[WhiteElo "2365"]
[BlackElo "2240"]
[PlyCount "55"]
[EventDate "2023.08.29"]
[EventType "swiss (blitz)"]
[EventRounds "11"]
[EventCountry "USA"]
[SourceTitle "EXT 2024"]
[Source "ChessBase"]
[SourceDate "2023.10.10"]
[SourceVersion "1"]
[SourceVersionDate "2023.10.10"]
[SourceQuality "1"]

1. d4 Nf6 2. c4 g6 3. g3 Bg7 4. Bg2 0-0 5. Nc3 d6 6. e4 Nc6 7. Nge2 e5 8. d5 Nd4 9. h3 c5 10. dxc6 bxc6 11. 0-0 c5 12. Be3 Be6 13. b3 Ne8 14. f4 f5 15. exf5 Bxf5 16. g4 Nc2 17. Bf2 Nxa1 18. gxf5 exf4 19. Bd5+ Kh8 20. Qxa1 Rxf5 21. Qd1 Rg5+ 22. Kh1 Nc7 23. Bf3 Qd7 24. Kh2 Re8 25. Ne4 Rge5 26. N2c3 d5 27. cxd5 Nxd5 28. Nxc5 1-0

[Event "Titled Tuesday intern op 22nd Aug Late"]
[Site "Chess.com INT"]
[Date "2023.08.22"]
[Round "8"]
[White "Haszon, David"]
[Black "Kozusek, Daniel"]
[Result "0-1"]
[WhiteElo "2250"]
[BlackElo "2365"]
[PlyCount "138"]
[EventDate "2023.08.22"]
[EventType "swiss (blitz)"]
[EventRounds "11"]
[EventCountry "USA"]
[SourceTitle "EXT 2024"]
[Source "ChessBase"]
[SourceDate "2023.10.10"]
[SourceVersion "1"]
[SourceVersionDate "2023.10.10"]
[SourceQuality "1"]

1. d4 d5 2. Bf4 c5 3. e3 cxd4 4. exd4 Nc6 5. c3 Bf5 6. Qb3 Qd7 7. Nf3 f6 8. a4 g5 9. Bg3 h5 10. h3 e6 11. a5 Bd6 12. Bxd6 Qxd6 13. Qxb7 Rb8 14. Qg7 Rh7 15. Qxg8+ Ke7 16. Qxb8 Nxb8 17. Nbd2 Be4 18. Be2 Bxf3 19. Bxf3 Nd7 20. g3 h4 21. g4 Rh8 22. 0-0 Nf8 23. Rfe1 Ng6 24. c4 dxc4 25. d5 Ne5 26. Rad1 Qb4 27. dxe6 Qxd2 28. Rxd2 Nxf3+ 29. Kf1 Nxd2+ 30. Ke2 Nb3 31. a6 Rd8 32. f4 Kxe6 33. Kf3+ Kf7 34. fxg5 fxg5 35. Re5 Kf6 36. Rf5+ Kg6 37. Re5 Rd6 38. Ke4 Rxa6 39. Re7 Nc5+ 40. Kd5 Nd3 41. Kxc4 Nxb2+ 42. Kb5 Rb6+ 43. Kc5 Na4+ 44. Kc4 a5 45. Ra7 Rb4+ 46. Kd5 Nb6+ 47. Ke5 a4 48. Rc7 a3 49. Rc6+ Kf7 50. Rc7+ Kf8 51. Kf6 Ke8 52. Ra7 Rb3 53. Kxg5 Nc4 54. Kxh4 Rb2 55. g5 a2 56. g6 Kf8 57. Kg5 Rb5+ 58. Kh6 Ra5 59. Rf7+ Kg8 60. Rg7+ Kf8 61. Rf7+ Ke8 62. Rf1 a1Q 63. Rxa1 Rxa1 64. g7 Rg1 65. h4 Kf7 66. h5 Ne5 67. g8Q+ Rxg8 68. Kh7 Ng4 69. h6 Nf6# 0-1

[Event "Titled Tuesday intern op 22nd Aug Late"]
[Site "Chess.com INT"]
[Date "2023.08.22"]
[Round "3"]
[White "Kozusek, Daniel"]
[Black "Quesada Perez, Yasser"]
[Result "1-0"]
[WhiteElo "2365"]
[BlackElo "2588"]
[PlyCount "141"]
[EventDate "2023.08.22"]
[EventType "swiss (blitz)"]
[EventRounds "11"]
[EventCountry "USA"]
[SourceTitle "EXT 2024"]
[Source "ChessBase"]
[SourceDate "2023.10.10"]
[SourceVersion "1"]
[SourceVersionDate "2023.10.10"]
[SourceQuality "1"]

1. d4 Nf6 2. c4 e6 3. Nf3 d5 4. Nc3 Bb4 5. Qa4+ Nc6 6. e3 0-0 7. Qc2 Re8 8. Bd2 Bd6 9. cxd5 exd5 10. a3 a6 11. h3 Ne7 12. Bd3 Ng6 13. 0-0 c6 14. b4 Bc7 15. a4 Qd6 16. b5 Nh4 17. Ne5 g6 18. bxc6 bxc6 19. Bc1 Bf5 20. Ba3 Qe6 21. f4 Bxd3 22. Qxd3 Ba5 23. Rac1 Rec8 24. Rc2 Bxc3 25. Rxc3 Ne4 26. Rc2 f6 27. Nf3 Nf5 28. Rfc1 a5 29. Rb2 Rab8 30. Rcb1 Rxb2 31. Rxb2 Ned6 32. Bxd6 Nxd6 33. Re2 Rb8 34. Qc3 Nc4 35. Nd2 Rb2 36. Qd3 Nd6 37. Nb3 Rxe2 38. Qxe2 Nc4 39. Kf2 Qe4 40. Nd2 Qe6 41. Nxc4 dxc4 42. Qc2 Qd5 43. Qc3 f5 44. Qc2 Kg7 45. Qc3 h5 46. h4 Kh7 47. Qc2 c5 48. Qc3 cxd4 49. Qxd4 Qc6 50. Qc3 Qc5 51. Kf3 Kg8 52. Qf6 c3 53. Qxg6+ Kf8 54. Qf6+ Ke8 55. Qe6+ Kd8 56. Qg8+ Kc7 57. Qf7+ Kd6 58. Qf6+ Kd5 59. Qxf5+ Kc4 60. Qxc5+ Kxc5 61. Ke2 Kc4 62. Kd1 Kb3 63. Kc1 Kxa4 64. f5 Kb3 65. f6 a4 66. f7 a3 67. f8Q a2 68. Qb8+ Kc4 69. Qa7 Kd3 70. Qxa2 Ke4 71. Qc2+ 1-0

[Event "Titled Tuesday intern op 08th Aug Late"]
[Site "Chess.com INT"]
[Date "2023.08.08"]
[Round "10"]
[White "Rees, Ioan"]
[Black "Kozusek, Daniel"]
[Result "0-1"]
[WhiteElo "2289"]
[BlackElo "2365"]
[PlyCount "118"]
[EventDate "2023.08.08"]
[EventType "swiss (blitz)"]
[EventRounds "11"]
[EventCountry "USA"]
[SourceTitle "EXT 2024"]
[Source "ChessBase"]
[SourceDate "2023.10.10"]
[SourceVersion "1"]
[SourceVersionDate "2023.10.10"]
[SourceQuality "1"]

1. d4 d5 2. Nf3 Nf6 3. c4 e6 4. cxd5 exd5 5. Nc3 c6 6. Qc2 g6 7. Bg5 Be7 8. e3 Bf5 9. Bd3 Bxd3 10. Qxd3 Nbd7 11. Bh6 Ng4 12. Bf4 0-0 13. h4 h5 14. g3 Re8 15. 0-0 Nf8 16. Ne5 Nxe5 17. Bxe5 Bd6 18. Bxd6 Qxd6 19. Ne2 Nd7 20. Nf4 a5 21. b3 a4 22. Rab1 axb3 23. axb3 Ra2 24. b4 b5 25. Qb3 Rea8 26. Nd3 Nb6 27. Rb2 R8a3 28. Qxa2 Rxa2 29. Rxa2 Nc4 30. Nc5 Kg7 31. Ra7 Qf6 32. Nd3 Qf5 33. Nf4 Nd2 34. Rfa1 Nf3+ 35. Kf1 Nd2+ 36. Kg1 Nf3+ 37. Kf1 Qc2 38. Ne6+ Kf6 39. Ng5 Nxg5 40. hxg5+ Kxg5 41. Rxf7 Qc4+ 42. Kg1 Qxb4 43. Ra6 Qb1+ 44. Kh2 Qc2 45. Kg1 b4 46. Rc7 b3 47. Rcxc6 b2 48. Rxc2 b1Q+ 49. Kg2 Qxc2 50. Re6 Kh6 51. Re5 Qc6 52. Kf3 Qf6+ 53. Kg2 Qf7 54. Kf1 Qd7 55. Kg2 g5 56. Kf1 h4 57. gxh4 gxh4 58. Kg2 Qg4+ 59. Kh2 h3 0-1

[Event "Titled Tuesday intern op 25th Jul Late"]
[Site "Chess.com INT"]
[Date "2023.07.25"]
[Round "4"]
[White "Fernandez Siles, Luis"]
[Black "Kozusek, Daniel"]
[Result "1-0"]
[WhiteElo "2218"]
[BlackElo "2359"]
[PlyCount "43"]
[EventDate "2023.07.25"]
[EventType "swiss (blitz)"]
[EventRounds "11"]
[EventCountry "USA"]
[SourceTitle "EXT 2024"]
[Source "ChessBase"]
[SourceDate "2023.10.10"]
[SourceVersion "1"]
[SourceVersionDate "2023.10.10"]
[SourceQuality "1"]

1. e4 e6 2. d4 d5 3. Nd2 h6 4. Ngf3 Nf6 5. Bd3 c5 6. c3 Nc6 7. 0-0 cxd4 8. cxd4 dxe4 9. Nxe4 Be7 10. Re1 0-0 11. Nc3 Nb4 12. Bb1 b6 13. Ne5 Bb7 14. Re3 Nbd5 15. Rg3 Kh8 16. Ne4 Nxe4 17. Bxe4 Nc3 18. Bxh6 gxh6 19. Qh5 Bg5 20. Bxb7 Rb8 21. Bf3 Qxd4 22. Rxg5 1-0

[Event "Titled Tuesday intern op 25th Jul Late"]
[Site "Chess.com INT"]
[Date "2023.07.25"]
[Round "11"]
[White "Kozusek, Daniel"]
[Black "Haydon, David Leslie"]
[Result "1-0"]
[WhiteElo "2359"]
[BlackElo "2230"]
[PlyCount "89"]
[EventDate "2023.07.25"]
[EventType "swiss (blitz)"]
[EventRounds "11"]
[EventCountry "USA"]
[SourceTitle "EXT 2024"]
[Source "ChessBase"]
[SourceDate "2023.10.10"]
[SourceVersion "1"]
[SourceVersionDate "2023.10.10"]
[SourceQuality "1"]

1. d4 f6 2. e4 e6 3. Bd3 c5 4. d5 e5 5. f4 d6 6. f5 Qd7 7. Nc3 a6 8. a4 g6 9. Nf3 Qg7 10. 0-0 Ne7 11. Nd2 Rg8 12. Qf3 gxf5 13. exf5 Bxf5 14. Nc4 Bxd3 15. cxd3 Nf5 16. Ne4 Nd4 17. Nxf6+ Kd8 18. Qf2 Rh8 19. Ne4 Be7 20. Ncxd6 Rf8 21. Qe1 Nd7 22. Nxb7+ Kc7 23. d6+ Kxb7 24. dxe7 Rxf1+ 25. Qxf1 Qxe7 26. Bg5 Qe6 27. Rc1 Rf8 28. Qxf8 Nxf8 29. Nxc5+ Kb6 30. Nxe6 Nfxe6 31. Be3 Kb7 32. Bxd4 Nxd4 33. Kf2 Nb3 34. Rc3 Nd4 35. Ke3 Nc6 36. Rxc6 Kxc6 37. b4 a5 38. b5+ Kc5 39. Ke4 Kb4 40. b6 Kxa4 41. b7 h6 42. b8Q h5 43. Kd5 h4 44. Kc4 h3 45. Qb3# 1-0

[Event "South Wales op 18th"]
[Site "Bridgend"]
[Date "2023.07.08"]
[Round "3"]
[White "Pollack, Oscar"]
[Black "Kozusek, Daniel"]
[Result "0-1"]
[WhiteElo "2096"]
[BlackElo "2359"]
[PlyCount "74"]
[EventDate "2023.07.07"]
[EventType "swiss"]
[EventRounds "9"]
[EventCountry "WLS"]
[SourceTitle "CBM 215 Extra"]
[Source "ChessBase"]
[SourceDate "2023.09.30"]
[SourceVersion "1"]
[SourceVersionDate "2023.09.30"]
[SourceQuality "1"]

1. e4 c6 2. d4 d5 3. e5 c5 4. dxc5 e6 5. a3 Bxc5 6. b4 Be7 7. Nf3 a5 8. b5 Nd7 9. Nbd2 f6 10. Bb2 Nxe5 11. Nxe5 fxe5 12. Bxe5 Nf6 13. Bd3 Bd6 14. f4 0-0 15. 0-0 b6 16. Qf3 Ra7 17. Qh3 g6 18. Nf3 Nh5 19. g3 Ng7 20. Ng5 Nf5 21. Rae1 Re7 22. g4 Bxe5 23. Rxe5 Nd6 24. Qh6 Rf6 25. Rf3 Rg7 26. Qh4 Qf8 27. Rh3 Qe7 28. Qe1 Nf7 29. Nxh7 Rxh7 30. Rxh7 Kxh7 31. Qh4+ Kg8 32. g5 Nxe5 33. fxe5 Rf7 34. Bxg6 Rg7 35. Qh5 Bd7 36. h4 Qxa3 37. Bd3 Qa1+ 0-1